000 00443nam a22001457a 4500
003 OSt
005 20250709154437.0
008 250709b |||||||| |||| 00| 0 eng d
040 _cSVYASA
100 _aInparthika S
_91051
245 _aEffect of taiyin meridian massage in regulating irregular mensturation in undergradute students: A Randomized controlled study.
260 _aBangaluru
_bSvyasa
_c2025
300 _a31 p.
942 _2ddc
_cD
_n0
999 _c20639
_d20639